00558nam a2200241Ia 450000500170000000800460001702000180006303700100008104000080009104000080009904000080010704100080011504100080012308400080013110000230013924500330016224500230019526000230021826000090024136500050025036500080025585600530026320260324122442.0008 260324s9999 xx 000 0 eng d a9781003232872 aEBOOK aCRL beng cCRL 2eng aeng qCRL aR. Brigham Lampert 0aAdvanced Placement Classroom 4bThe Scarlet Letter bTaylor and Francis c2013 a b145 uhttp://www.taylorfrancis.com/books/9781003232872